|
|
|
|
| LEADER |
03887nam a22005295i 4500 |
| 001 |
978-3-642-54919-9 |
| 003 |
DE-He213 |
| 005 |
20151204185431.0 |
| 007 |
cr nn 008mamaa |
| 008 |
140417s2014 gw | s |||| 0|eng d |
| 020 |
|
|
|a 9783642549199
|9 978-3-642-54919-9
|
| 024 |
7 |
|
|a 10.1007/978-3-642-54919-9
|2 doi
|
| 040 |
|
|
|d GrThAP
|
| 050 |
|
4 |
|a QE514-516.5
|
| 072 |
|
7 |
|a RBGK
|2 bicssc
|
| 072 |
|
7 |
|a SCI019000
|2 bisacsh
|
| 082 |
0 |
4 |
|a 551.9
|2 23
|
| 100 |
1 |
|
|a Zhang, Hua.
|e author.
|
| 245 |
1 |
0 |
|a Impacts of Selenium on the Biogeochemical Cycles of Mercury in Terrestrial Ecosystems in Mercury Mining Areas
|h [electronic resource] /
|c by Hua Zhang.
|
| 264 |
|
1 |
|a Berlin, Heidelberg :
|b Springer Berlin Heidelberg :
|b Imprint: Springer,
|c 2014.
|
| 300 |
|
|
|a XXII, 193 p. 54 illus., 16 illus. in color.
|b online resource.
|
| 336 |
|
|
|a text
|b txt
|2 rdacontent
|
| 337 |
|
|
|a computer
|b c
|2 rdamedia
|
| 338 |
|
|
|a online resource
|b cr
|2 rdacarrier
|
| 347 |
|
|
|a text file
|b PDF
|2 rda
|
| 490 |
1 |
|
|a Springer Theses, Recognizing Outstanding Ph.D. Research,
|x 2190-5053
|
| 505 |
0 |
|
|a Research Background -- Advances of Research on the Mechanisms of Selenium-Mercury Interactions and Health Risk Assessment -- Research Subject, Methods and Significance -- Overview of the Study Area (Wanshan) -- Biogeochemical Cycles of Mercury in River System -- Biogeochemical Cycles of Selenium in River System -- Interaction of Mercury and Selenium in River System -- Biogeochemical Cycles of Mercury in Soil-Rice System -- Biogeochemical Cycles of Selenium in Soil-Rice System -- Interaction of Mercury and Selenium in Soil-Rice System -- Health Risk Assessment for Human Exposure to Mercury -- Health Risk Assessment for Human Exposure to Selenium -- Health Risk Assessment for Human Exposure to Mercury and Selenium Considering Selenium-Mercury Interactions -- Conclusions -- Research Needs and Future Outlook.
|
| 520 |
|
|
|a From a new perspective, namely focusing on the interaction of selenium and mercury, this thesis provides new insights into traditional research on biogeochemical cycles of mercury in soil-plant interaction and associated human exposure and risks. The subject of this thesis is both valuable and timely, providing essential information not only on selenium-mercury interaction in the soil-plant system but also on how to assess the combined benefits and risk of co-exposure to mercury and selenium. This work also sheds light on future aspects regarding prevention, remediation and risk management for environmental mercury contamination. Presenting high-quality papers published in leading international SCI journals such as Environmental Health Perspectives and Environmental Science & Technology and having been recognized with the Special Award of Presidential Scholarship Award and Excellent Doctoral Dissertations Prize of the Chinese Academy of Sciences (CAS), this thesis offers a valuable resource for scientific communities, policy-makers and non-experts who are interested in this field. Dr. Hua Zhang works at the Norwegian Institute for Water Research (NIVA), Oslo, Norway.
|
| 650 |
|
0 |
|a Earth sciences.
|
| 650 |
|
0 |
|a Geochemistry.
|
| 650 |
|
0 |
|a Public health.
|
| 650 |
|
0 |
|a Environmental chemistry.
|
| 650 |
|
0 |
|a Environmental health.
|
| 650 |
|
0 |
|a Environmental pollution.
|
| 650 |
1 |
4 |
|a Earth Sciences.
|
| 650 |
2 |
4 |
|a Geochemistry.
|
| 650 |
2 |
4 |
|a Environmental Chemistry.
|
| 650 |
2 |
4 |
|a Public Health.
|
| 650 |
2 |
4 |
|a Environmental Health.
|
| 650 |
2 |
4 |
|a Terrestrial Pollution.
|
| 710 |
2 |
|
|a SpringerLink (Online service)
|
| 773 |
0 |
|
|t Springer eBooks
|
| 776 |
0 |
8 |
|i Printed edition:
|z 9783642549182
|
| 830 |
|
0 |
|a Springer Theses, Recognizing Outstanding Ph.D. Research,
|x 2190-5053
|
| 856 |
4 |
0 |
|u http://dx.doi.org/10.1007/978-3-642-54919-9
|z Full Text via HEAL-Link
|
| 912 |
|
|
|a ZDB-2-EES
|
| 950 |
|
|
|a Earth and Environmental Science (Springer-11646)
|